Paris Locations - Sudden Death - Statistics

General Stats
  • This quiz has been taken 386 times
  • The average score is 11 of 16
Answers on the Grid
Answers color-coded by a green-red scale on the quiz's grid according to % correct below.
Alpe d'Huez
Arc de Triomphe
Arena of Nîmes
Canal du Midi
Carcassonne
Carnac stones
Centre Pompidou
Champs-Élysées
Charles de Gaulle Airport
Château de Chenonceau
Cité de l’Espace
Eiffel Tower
Fontenay Abbey
Gare Saint-Lazare
Hôtel des Invalides
Lake Annecy
Lascaux Cave
Maison Bonaparte
Millau Viaduct
Mont Saint-Michel
Montmartre
Montparnasse Tower
Moulin Rouge
Musée d'Orsay
Notre-Dame Cathedral
Place de la Concorde
Pointe du Hoc
Pont D’avignon
Pont Neuf
The Louvre
Thiepval Memorial
Tuileries Garden
 
Answer Stats
Answer % Correct
Eiffel Tower
85%
Notre-Dame Cathedral
84%
The Louvre
84%
Arc de Triomphe
81%
Champs-Élysées
81%
Montmartre
74%
Moulin Rouge
72%
Charles de Gaulle Airport
71%
Place de la Concorde
70%
Musée d'Orsay
68%
Centre Pompidou
65%
Hôtel des Invalides
62%
Tuileries Garden
62%
Pont Neuf
59%
Montparnasse Tower
56%
Gare Saint-Lazare
52%
No matching quizzes found
Score Distribution
Percent of People with Each Score
Percentile by Number Answered
Your Score History
You have not taken this quiz